|
|
|
|
| LEADER |
00860nam a2200205 a 4500 |
| 001 |
3423939 |
| 008 |
090705r20031998enka 000 1 eng d |
| 010 |
|
|
|a 90183306
|
| 020 |
|
|
|a 0304317691
|
| 040 |
|
|
|a DLC
|c DLC
|d DLC
|
| 082 |
0 |
0 |
|a 843/.8
|2 20
|
| 100 |
1 |
|
|a Verne, Jules,
|d 1828-1905.
|
| 245 |
1 |
0 |
|a Around the world in eighty days /
|c Jules Verne.
|
| 260 |
|
|
|a London :
|b Cassell ;
|a New Delhi, :
|b Vikas Publishing House,
|c 1998.[Reprinted 2003]
|
| 300 |
|
|
|a 136 p. :
|b ill. (some col.) ;
|c 22 cm.
|
| 541 |
1 |
|
|e 00010045
|
| 650 |
|
0 |
|a Voyages around the world
|x Fiction.
|
| 852 |
4 |
|
|a Ayesha Abed Library
|j General shelf
|
| 999 |
|
|
|c 2035
|d 2035
|
| 952 |
|
|
|0 0
|1 0
|2 ddc
|4 0
|6 843_800000000000000_VER_2003
|7 0
|9 1871
|a BRACUL
|b BRACUL
|c GEN
|d 2009-07-06
|g 0.00
|l 15
|m 53
|o 843.8 VER
|p 3010010045
|q 2026-06-02
|r 2026-02-17
|s 2026-02-17
|t 1
|w 2009-07-06
|y BK
|x No price found in the accession register.
|